01151nam a22003257a 4500001000700000003000900007005001700016007000700033008003500040040002200075092001500097100002200112245013300134250001200267260003800279300004000317500002500357500003000382700002000412700001800432700003600450700002800486910001000514942001200524945002700536952010800563952010800671956003100779999001500810000208DO-SdBNP20180313153609.0000208151210b 2002 mx a 00| 0 spa d aBPMSUbspacBPMSU axxxxbxxxx1 aTippens, Paul E. 10aFísicabconceptos y aplicaciones cPaul E. Tippens, Paul Zitzewitz, Graig Kramer ; traducción Ángel Carlos González Ruiz a6a. ed. aMéxico ; bMcGraw-Hill, c2002. avi, 542 p.;bil.c28 cm. + CD Room  aManual del profesor. aBest seller internacional12aZitzewitz, Paul12aKramer, Graig12aGonzález Ruiz, Ángel Carlos12aGodo Costa, Juanetrad. a00144 2ddccBK aInventariado, 2018/ YL 00102ddc40708CGaBPMETbBPMETd2016-03-30eDonaciónl0pBPMSU16030314r2016-03-30w2016-03-30yBK 00102ddc40708CGaBPMETbBPMETd2016-03-30eDonaciónl0pBPMSU16030315r2016-03-30w2016-03-30yBK aYngrid Lockwardb10cBPMSU c9431d9431